| 000 | 00775nam a2200253 a 4500 | ||
|---|---|---|---|
| 001 | 25684 | ||
| 003 | CO-ViMGA | ||
| 008 | 141112s2004 ck r 000 u spa d | ||
| 020 | _a9789588366531 | ||
| 040 |
_aCO-ViMGA _bspa _cCO-ViMGA |
||
| 041 | _aSPA | ||
| 082 | 0 | 4 | _aCo864.6 E42a |
| 100 | 1 |
_aElejalde Arbeláez, Ramón _939527 |
|
| 245 | 1 | 0 |
_aAmores, crímenes y política / _cRamón Elejalde Arbeláez |
| 250 | _a1a ed. | ||
| 260 |
_aMedellín : _bUniversidad Autónoma Latinoaméricana UNAULA, _c2012 |
||
| 300 | _a165 p. | ||
| 490 | _aTierra Baldía | ||
| 650 | 1 | 4 |
_aAMOR - ENSAYOS, CONFERENCIAS, ETC. _939528 |
| 650 | 1 | 4 |
_aAMOR EN LA LITERATURA _969 |
| 650 | 1 | 4 | _aENSAYOS COLOMBIANOS - SIGLO XX |
| 650 | 1 | 4 |
_aPolítica EN LA LITERATURA _939529 |
| 942 |
_2ddc _cBK |
||
| 999 |
_c5252 _d5252 |
||